| 000 | 00377nam a2200145Ia 4500 | ||
|---|---|---|---|
| 008 | 210716s2002 xx 000 0 und d | ||
| 020 | _a9788173713934 | ||
| 041 | _aeng | ||
| 082 | _a005.1301 CLOI | ||
| 100 | _aCloete, Ian;Zurada, Jacek M. | ||
| 245 | _aknowledge-based neurocomputing. | ||
| 250 | _a1 | ||
| 260 |
_aHyderabad _bUniversities Press _c2002 |
||
| 300 | _axiv;486 | ||
| 999 |
_c192067 _d192067 |
||